| 000 | 00644nam a2200205 4500 | ||
|---|---|---|---|
| 001 | 110485 | ||
| 003 | ES-MaACL | ||
| 005 | 20230906185048.0 | ||
| 007 | t| | ||
| 008 | 061121s1959 sp r ||||1| spa d | ||
| 100 | 1 |
_aOexmelin, Alex-Olivier. _986555 |
|
| 245 | 1 | 0 |
_aDiario / _cAlex-Olivier Oexmelin; prólogo y edición puesta al día por José María Cañas. |
| 260 |
_aBarcelona : _bZero, _c1959. |
||
| 300 |
_a191 p., 3 lám. ; _c17 cm. |
||
| 490 | 1 | _a"Colección Testimonios | |
| 700 | 1 |
_aCañas, José María. _934736 |
|
| 830 | 0 |
_a"Colección Testimonios _9180017 |
|
| 852 |
_aES-MaACL _jC-17360 _bR.45648 |
||
| 999 |
_c110485 _d110485 |
||